000 02212cam a2200397 i 4500
999 _c421
_d421
001 .b15824184
003 OSt
005 20190814112043.0
008 161121s2017 enkb b 001 0 eng d
020 _a0230293549
_q(pbk.) :
020 _a9780230293540
_q(pbk.) :
035 _a(YBPMetadataService)99970834249
035 _aocn965611547
040 _aNLE
_beng
_erda
_cNLE
_dOCLCO
_dSINLB
_dNhCcYBP
_dTWWZU
041 0 _aeng
042 _anbic
043 _aa-my---
082 0 _a959.5 AND
090 _a959.5
_bA543 2017
100 1 _aAndaya, Barbara Watson,
_eauthor.
245 1 2 _aA history of Malaysia /
_cBarbara Watson Andaya and Leonard Y Andaya.
250 _a3rd edition.
264 1 _aLondon :
_bPalgrave, an imprint of Macmillan Publishers Limited,
_c2017.
300 _axxi, 445 pages :
_bmaps ;
_c24 cm.
336 _acartographic image
_bcri
_2rdacontent.
336 _atext
_btxt
_2rdacontent.
337 _aunmediated
_bn
_2rdamedia.
338 _avolume
_bnc
_2rdacarrier.
500 _aPrevious edition: 2001.
504 _aIncludes bibliographical references (pages 382-414) and index.
505 0 _aIntroduction: The environment and peoples of Malaysia. The heritage of the past -- Melaka's legacy in a changing Malay world, 1400-1699 -- The demise of the Malay entrepĂ´t state, 1699-1819 -- 'A new world is created', 1819-74 -- The making of 'British Malaya', 1874-1919 -- The functioning of a colonial society, 1919-41 -- Negotiating a new nation: 1942-69 -- Restructuring Malaysia, 1969-2000 -- Malaysia at a cross-roads, 1999-2015 -- Conclusion: Some themes in Malaysian history.
520 _aThis third edition of A History of Malaysia brings the story of the country up to date, incorporating the latest scholarship on every period of Malaysian history. A new chapter provides insights into Malaysian history of the last 15 years, including the growing influence of the internet and social media in the political sphere. Fresh analysis of Islam's historical role in the Malay world and how it links with the growing Islamization of Malaysia today makes this a timely study.
651 0 _aMalaysia
_xHistory.
700 1 _aAndaya, Leonard Y.,
_eauthor.
942 _2ddc
_cNFIC